Effect of potassium rath and khmer em fertilizer on senpidao rice variety at royal university of agriculture ឥទ្ថិពលកម្រិតជីប៉ូតាស្យូម និងជីអ៊ីអឹមខ្មែរ លើពូជស្រូវសែនពិដោរ​ នៅក្នុងសាកលវិទ្យាល័យភូមិន្ទកសិម្ម​ (Record no. 968)

000 -LEADER
fixed length control field 00757nam a22001577a 4500
003 - CONTROL NUMBER IDENTIFIER
control field OSt
005 - DATE AND TIME OF LATEST TRANSACTION
control field 20150921134525.0
008 - FIXED-LENGTH DATA ELEMENTS--GENERAL INFORMATION
fixed length control field 150921b xxu||||| |||| 00| 0 eng d
040 ## - CATALOGING SOURCE
Transcribing agency RUA
082 ## - DEWEY DECIMAL CLASSIFICATION NUMBER
Classification number AGR PECH 2006 B034 Or.1
100 ## - MAIN ENTRY--PERSONAL NAME
9 (RLIN) 1010
Personal name PECH, CHANNARITH.
245 ## - TITLE STATEMENT
Title Effect of potassium rath and khmer em fertilizer on senpidao rice variety at royal university of agriculture ឥទ្ថិពលកម្រិតជីប៉ូតាស្យូម និងជីអ៊ីអឹមខ្មែរ លើពូជស្រូវសែនពិដោរ​ នៅក្នុងសាកលវិទ្យាល័យភូមិន្ទកសិម្ម​
260 ## - PUBLICATION, DISTRIBUTION, ETC. (IMPRINT)
Place of publication, distribution, etc. Phnom Penh
Name of publisher, distributor, etc. RUA
Date of publication, distribution, etc. 2006
300 ## - PHYSICAL DESCRIPTION
Extent 42P.
Other physical details ill.
Dimensions 29cm.
942 ## - ADDED ENTRY ELEMENTS (KOHA)
Source of classification or shelving scheme
Koha item type AGR
Holdings
Price effective from Date last seen Permanent Location Not for loan Date acquired Source of classification or shelving scheme Koha item type Barcode Shelving location Lost status Damaged status Withdrawn status Current Location Full call number
2015-09-212015-09-21Library Block B 2015-09-21 AGR     Library Block BAGR PECH 2006 B034 Or.1
2015-09-212015-09-21Library Block B 2015-09-21 AGR     Library Block BAGR PECH 2006 B034 Or.1
2015-09-212015-09-21Library Block B 2015-09-21 AGR     Library Block BAGR PECH 2006 B034 Or.1
2015-09-212015-09-21Library Block B 2015-09-21 AGR     Library Block BAGR PECH 2006 B034 Or.1
2023-05-172023-05-17Library Block B 2023-05-17 AGRa071467B034   Library Block BAGR PECH 2006 B034 Or.1
មជ្ឈមណ្ឌលឯការនៃសាកលវិទ្យាល័យភូមិន្ទកសិកម្មចំការដូង

Powered by Koha